000 00505nam a2200145 i 4500
001 168687
003 ES-MaACL
005 20230906213847.0
008 080508s1909 cu |||| | spa d
110 2 _aEscuela de Artes y Oficios de La Habana.
_9137774
245 1 0 _aEscuela de Artes y Oficios de La Habana
_b: [ Año escolar de 1909 a 1910].
260 _aHabana :
_b[s.n.],
_c1909 (
_fLibrería e imprenta "La Moderna Poesía])
300 _a12 p., [16] h. de lám. ;
_c26 cm.
852 1 _aBA
_j2240-F-7
999 _c168687
_d168687